| 000 | 00759 a2200193 4500 | ||
|---|---|---|---|
| 003 | NUST | ||
| 005 | 20251112165218.0 | ||
| 040 | _cNust | ||
| 082 | _a621.382,ALI | ||
| 100 |
_aAli , Zeeshan NC (TCC-12) _9131852 |
||
| 245 |
_aLocation prediction in cellular networks using neural networs / _cNC Zeeshan Ali , NC Fahad Salim , PC M. Ali Zafar |
||
| 260 |
_aRawalpindi _bMCS (NUST) _c2004 |
||
| 300 | _a45 p.; | ||
| 505 | _aIntroduction (Page-1), System Architecture (Page-4), Neural Networks (Page-14),Location Management (Page-27), Prediction Based Location Management System (Page-34), Results (Page-44). | ||
| 650 |
_aUG Projects _998716 |
||
| 651 |
_aTCC-12 _9131853 |
||
| 700 |
_aSupervised by Asst prof Aamir Masood Khan _9131839 |
||
| 942 |
_cPR _2ddc |
||
| 999 |
_c182841 _d182841 |
||